| 000 | 01880cad a22002415a 4500 | ||
|---|---|---|---|
| 001 | L152385 | ||
| 008 | 110228s2011 xxk f 000 0 eng d | ||
| 020 | _a9781409828358 | ||
| 035 | _a(Sirsi) u152385 | ||
| 041 | 0 | _aeng | |
| 050 | 0 | 4 | _a306.1 $2 18 |
| 110 | 2 |
_aUnited Kingdom _bDepartment for Communities and Local Government _94939 |
|
| 245 | 0 | 0 |
_aEnglish Housing Survey _bHeadline report 2009-10[electronic resource] |
| 260 |
_aLondon _bRICS _c2011 |
||
| 505 | 2 | _aIntroduction -- Key findings -- Section 1 Households -- Section 2 Housing Stock -- Annexe -- Glossary | |
| 520 | _aPreliminary findings of the English Housing Survey (EHS) for 2009-2010. The report is split into two sections. The first focuses on the profile of households including trends in tenures and the demographic and economic characteristics of households. It also covers rents and housing benefit for both social and private renters, recent movers, mortgage difficulties, and overcrowding and under-occupation. Section two provides an overview of the housing stock in England including the age, size, and type of home and presents measures of living conditions in England. This includes: energy efficiency of the housing stock; decent homes; the Housing Health and Safety Rating System; and homes affected by damp and mould. This section also looks at disparities in living conditions for particular groups of vulnerable households. There are a number of additional tables presented in an annex which provide further detail to that covered in the main body of the report. | ||
| 590 | _aKA NTK | ||
| 650 | 2 | 4 | _aENGLISH HOUSING SURVEY |
| 651 | 4 |
_aEngland _y886- |
|
| 690 | _aPROPERTY-RESIDENTIAL PROPERTY-DOMESTIC RESIDENTIAL PROEPRTY-HOUSING | ||
| 856 | 4 | 0 |
_uhttps://www.communities.gov.uk/documents/statistics/pdf/1851086.pdf _zView the item free of charge at www.communities.gov.uk |
| 942 | _n0 | ||
| 999 |
_c112031 _d112031 |
||